000 01393nam a22003497a 4500
001 14773830
005 20230228103029.0
008 230228b |||||||| |||| 00| 0 eng d
010 _a 2007011457
015 _aGBA737747
_2bnb
016 7 _a013746910
_2Uk
020 _a9781405158312 (pbk. : alk. paper)
020 _a140515831X (pbk. : alk. paper)
035 _a(OCoLC)ocm86110064
035 _a(OCoLC)86110064
040 _aDLC
_cKMU
_dKMU
_dBAKER
_dBTCTA
_dBWKUK
_dYDXCP
_dBWK
_dDLC
050 0 0 _aSH 328
_b.K55 2007
100 1 _aKing, M. G.
245 1 0 _aFisheries biology, assessment and management /
_cMichael King.
250 _a2nd ed.
260 _aOxford ;
_aAmes, Iowa :
_bBlackwell Pub.,
_cc2007.
300 _axiv, 382 p. :
_bill. ;
_c25 cm.
504 _aIncludes bibliographical references and index.
650 0 _aFishery management.
650 0 _aFish populations.
856 4 1 _3Table of contents only
_uhttp://www.loc.gov/catdir/toc/ecip0713/2007011457.html
856 4 2 _3Contributor biographical information
_uhttp://www.loc.gov/catdir/enhancements/fy0827/2007011457-b.html
856 4 2 _3Publisher description
_uhttp://www.loc.gov/catdir/enhancements/fy0827/2007011457-d.html
906 _a7
_bcbc
_corignew
_d1
_eecip
_f20
_gy-gencatlg
942 _2lcc
_cBK
_n0
999 _c221
_d221